Harry Potter Last Words: The Movies Quiz Stats

 Plays Quiz not verified by Sporcle

Also try: Who Am I? Authors
Challenge
Share
Tweet
Embed
Score 0/15 Timer 05:00
0 Plays Today
Quote Character % Correct
'Such a beautiful place to be with friends. Dobby is happy to be with his friend Harry Potter.'Dobby
89.3%
'Take them to the Pensieve. Look at me...you have your mother's eyes.'Severus Snape
81.8%
'Nice one, James.'Sirius Black
79.3%
'Severus...Severus, please! We were friends!'Charity Burbage
57%
'No! No, come back! Lucius! Come back and fight!'Bellatrix Lestrange
52.1%
'It was a boy. It was who took it. I never saw it again. I swear on my life.'Gregorovitch
47.1%
'Harry!'Lily Potter
46.3%
'Bloody kids.'Frank Bryce
43%
Quote Character % Correct
'Yeah.'Fred Weasley
42.1%
'Ow.'Peter Pettigrew
40.5%
'I killed Snape!'Tom Riddle
37.2%
'What is this magic?!'Quirinus Quirrell
28.1%
'Who are you? What do you want?!'Cedric Diggory
24%
'My Lord?!'Pius Thicknesse
10.7%
'Never whole again, are we?'Barty Crouch Sr.
10.7%

You're not logged in!

Compare scores with friends on all Sporcle quizzes.
Join for Free
OR
Log In

You Might Also Like...

Show Comments

Extras

Top Quizzes Today


Score Distribution

Your Account Isn't Verified!

In order to create a playlist on Sporcle, you need to verify the email address you used during registration. Go to your Sporcle Settings to finish the process.

Report this User

Report this user for behavior that violates our Community Guidelines.

Details: